| 000 | 00408 a2200169 4500 | ||
|---|---|---|---|
| 003 | OSt | ||
| 005 | 20180116182829.0 | ||
| 008 | 160426b xxu||||| |||| 00| 0 eng d | ||
| 020 | _a0136495001 | ||
| 040 | _c0 | ||
| 100 | _aWayne F. Cascio | ||
| 245 | _aAPPLIED PHYCHOLOGY IN HUMAN RESOURCE MANGEMNT | ||
| 250 | _a5TH | ||
| 260 |
_aLONDON _c1998 |
||
| 300 | _a399 | ||
| 942 |
_aNBS _cBK _k658.300922 CAS _2ddc |
||
| 999 |
_c346810 _d346810 |
||